000
00332nam a2200133Ia 4500
008
240624s9999 xx 000 0 und d
041
_a
eng
082
_a
330.015 TSI
100
_a
TSIONAS MIKE
245
_a
PANEL DATA ECONOMETRICS II EMPIRICAL APP
260
_c
2019
_a
London
_b
Elsevier
300
_a
988p. ;23cm.
365
_c
_b
33
999
_c
32721
_d
32721